Statistics for Miraculous Ladybug Characters

Click here to take the quiz!

General Stats

  • This quiz has been taken 341 times
  • The average score is 10 of 13

Answer Stats

HintAnswer% Correct
Marinette Dupain-ChengLadybug
100%
Adrien AgresteCat Noir
96%
Chloé BourgouisQueen Bee
92%
Gabriel AgresteHawkmoth
90%
Alya CesaireRena Rouge
90%
Nino LahiffeCarapace
86%
Nathalie SancourMayura
79%
Luka CouffaineViperion
75%
Alix KubdalBunnix
65%
Max KantePegasus
64%
Le Chien KimKing Monkey
61%
Kagami TsurugiRyuko
61%
Wang FuJade Turtle
31%

Score Distribution

Percentile by Number Answered

Percent of People with Each Score

Your Score History

You have not taken this quiz